000 00831nam a2200241Ia 4500
003 OSt
005 20220930190147.0
006 a|||||r|||| 00| 0
007 ta
008 220926b |||||||| |||| 00| 0 hin d
020 _a978818997335 (hbk)
_c895
024 _a1418
037 _b406, 22/03/2010, Swaraj Prakashan
_cTextbook
040 _aCRL
_cCRL
_bhin
041 _2hin
_ahin
082 _a4, 152P9
100 _aमिश्र, जनार्दन
245 0 _aपत्रकारिता की कसौटी
260 _aनई दिल्ली,
_bश्री नटराज प्रकाशन, भारत
_c2009
300 _a503पृ0
_ccm.
942 _h4, 152P9
_cTB
_2CC
999 _c891689
_d891689